Proyecto, sistematización del herbario universidad de Antioquia- HUA. etapa III (Registro nro. 4974)

Detalles MARC
000 -CABECERA
Campo de control 00679nam a2200205 a 4500
005 - FECHA Y HORA DE LA ULTIMA TRANSACCION
Campo de control 20141204110640.0
008 - ELEMENTOS DE LONGITUD FIJA—INFORMACION GENERAL
Campo de control 140124b2002 ck ||||| |||| 00| 0 spa d
040 ## - FUENTE DE CATALOGACIÓN
Agencia transcriptora CO-BoIH
041 ## - IDIOMA
Código de idioma para texto/pista de sonido o título separado Español
044 ## - PAÍS DE PUBLICACIÓN
País de publicación Colombia
090 ## - CLASIFICACIÓN LOCAL
Colección IAVH
Consecutivo 00485
100 ## - ASIENTO PRINCIPAL--NOMBRE PERSONAL
Nombre personal Fonnegra G., Ramiro
245 ## - MENCION DE TITULO
Título Proyecto, sistematización del herbario universidad de Antioquia- HUA. etapa III
Parte restante del título continuación de la elaboración de la base de datos
260 ## - PUBLICACION, DISTRIBUCION, ETC. (PIE DE IMPRENTA)
Lugar de publicación, distribución, etc. Medellín
Nombre del editor, distribuidor, etc. CODI
-- Instituto Alexander von Humboldt
-- Universidad de Antioquia
Fecha de publicación, distribución, etc. 2002
300 ## - DESCRIPCION FISICA
Extensión 26 p.
700 ## - ASIENTO SECUNDARIO - NOMBRE PERSONAL
Nombre personal Roldán P., Francisco J.
700 ## - ASIENTO SECUNDARIO - NOMBRE PERSONAL
Nombre personal Macias F., Jorge
942 ## - ELEMENTOS ADICIONALES (KOHA)
Tipo de ítem Informe Técnico
Sistema de clasificación Local
945 ## - PROCESAMIENTO LOCAL
AAAA-MM-DD - Fecha de ingreso o modificacion 2005-12-14
Existencias
Withdrawn status Lost status Sistema de Clasificación Damaged status No para préstamo Colección Inventariado Ubicación Permanente Ubicación actual Fecha de adquisición Total Checkouts Número topográfico Inventario / Código de Barras Date last seen Ejemplar Price effective from Forma de adquisición Tipo de material
    Local     Humboldt Inventariado 2017 Bogotá Bogotá 14/12/2005   IAVH-00485 022603 09/08/2024 Ej. 1 04/12/2012   Informe Técnico